EPL top scorers Quiz Stats

 Plays Quiz not verified by Sporcle

Challenge
Share
Tweet
Embed
Score 0/22 Timer 05:00
0 Plays Today
Club Player % Correct
ArsenalThierry Henry
93.2%
ArsenalThierry Henry
93%
ArsenalThierry Henry
93%
ChelseaDidier Drogba
92%
Manchester UnitedCristiano Ronaldo
91.5%
Newcastle UnitedAlan Shearer
91.3%
ArsenalThierry Henry
90.6%
Blackburn RoversAlan Shearer
88.9%
Blackburn RoversAlan Shearer
88.1%
LiverpoolFernando Torres
86.4%
LiverpoolMichael Owen
85.2%
Club Player % Correct
LiverpoolMichael Owen
83.8%
Manchester UnitedDwight Yorke
81.8%
Manchester UnitedRuud van Nistelrooy
81.4%
ChelseaNicholas Anelka
78.5%
SunderlandKevin Phillips
71.4%
Newcastle UnitedAndy Cole
63.7%
ChelseaJimmy Flord Hasselbaink
62%
Blackburn RoversChris Sutton
61.7%
Nottingham Forest/Tottenham HotspurTeddy Sheringham
59.6%
Coventry CityDion Dublin
56.9%
Leeds UnitedJimmy Floyd Hasselbaink
47.5%

You're not logged in!

Compare scores with friends on all Sporcle quizzes.
Join for Free
OR
Log In

You Might Also Like...

Show Comments

Extras

Top Quizzes Today


Score Distribution

Your Account Isn't Verified!

In order to create a playlist on Sporcle, you need to verify the email address you used during registration. Go to your Sporcle Settings to finish the process.

Report this User

Report this user for behavior that violates our Community Guidelines.

Details: